Sapo y Sepo son amigos

Guardado en:
Detalles Bibliográficos
Autor principal: Lobel, Arnold (autor)
Formato: Libro
Lenguaje:español
Publicado: Bogotá Afaguara 1995
Edición:1a. ed
Colección:Infantil
Materias:
Etiquetas: Agregar Etiqueta
Sin Etiquetas, Sea el primero en etiquetar este registro!

MARC

LEADER 00000cam a2200000 a 4500
001 UCE7393
003 CL-VaPUC
008 150605e19950000ck |||||||||||||||||spa|d
082 0 4 |a 813  |b LOB  |2 21 
100 |a Lobel, Arnold  |e autor  |9 238 
245 1 0 |a Sapo y Sepo son amigos 
250 |a 1a. ed 
300 |a 66 p 
942 |c BK 
945 |d 20150605 14:50:00  |a gsalatino 
260 |a Bogotá  |b Afaguara  |c 1995 
650 0 |a Cuentos estadounidenses  |9 265133 
650 7 |a RELATOS ESTADOUNIDENSES  |2 CL-VaPUC  |9 464385 
583 |a last modification  |c 20150605 14:50:00  |k Rodrigo Vera 
490 0 |a Infantil 
999 |c 359488  |d 359486